<?xml version="1.0" encoding="UTF-8"?>
<record
    xmlns:xsi="http://www.w3.org/2001/XMLSchema-instance"
    xsi:schemaLocation="http://www.loc.gov/MARC21/slim http://www.loc.gov/standards/marcxml/schema/MARC21slim.xsd"
    xmlns="http://www.loc.gov/MARC21/slim">

  <leader>02432cam a22003372 b4500</leader>
  <controlfield tag="001">9061045</controlfield>
  <controlfield tag="005">20220326193304.0</controlfield>
  <controlfield tag="006">m        d        </controlfield>
  <controlfield tag="007">cr  n         </controlfield>
  <controlfield tag="008">050802e20060215xxka    s|||||||| 2|eng|d</controlfield>
  <datafield tag="020" ind1=" " ind2=" ">
    <subfield code="a">9781861891464</subfield>
  </datafield>
  <datafield tag="020" ind1=" " ind2=" ">
    <subfield code="a">1861891466 (Trade Paper)</subfield>
    <subfield code="c">USD 25.00 Retail Price (Chicago Distribution Center)</subfield>
  </datafield>
  <datafield tag="024" ind1="3" ind2=" ">
    <subfield code="a">9781861891464</subfield>
  </datafield>
  <datafield tag="035" ind1=" " ind2=" ">
    <subfield code="a">(WaSeSS)ssj0000477853</subfield>
  </datafield>
  <datafield tag="037" ind1=" " ind2=" ">
    <subfield code="b">00314465</subfield>
  </datafield>
  <datafield tag="040" ind1=" " ind2=" ">
    <subfield code="a">BIP US</subfield>
    <subfield code="d">WaSeSS</subfield>
  </datafield>
  <datafield tag="082" ind1=" " ind2=" ">
    <subfield code="a">909.093</subfield>
    <subfield code="b">ST827p</subfield>
  </datafield>
  <datafield tag="100" ind1="1" ind2=" ">
    <subfield code="a">Stepan, Nancy Leys</subfield>
    <subfield code="e">Author</subfield>
    <subfield code="9">1613</subfield>
  </datafield>
  <datafield tag="210" ind1="1" ind2="0">
    <subfield code="a">Picturing Tropical Nature</subfield>
  </datafield>
  <datafield tag="245" ind1="1" ind2="0">
    <subfield code="a">Picturing Tropical Nature</subfield>
    <subfield code="h">[electronic resource]</subfield>
  </datafield>
  <datafield tag="260" ind1=" " ind2=" ">
    <subfield code="a">London : </subfield>
    <subfield code="b">Reaktion Books, Limited</subfield>
    <subfield code="c">Feb. 2006</subfield>
    <subfield code="a">Chicago : </subfield>
    <subfield code="b">Chicago Distribution Center [Distributor]</subfield>
  </datafield>
  <datafield tag="300" ind1=" " ind2=" ">
    <subfield code="a">283 p.;</subfield>
    <subfield code="b">26 cm</subfield>
    <subfield code="c">ill (col)</subfield>
  </datafield>
  <datafield tag="440" ind1=" " ind2="0">
    <subfield code="a">Reaktion Books - Picturing History Ser.</subfield>
    <subfield code="9">1614</subfield>
  </datafield>
  <datafield tag="506" ind1=" " ind2=" ">
    <subfield code="a">License restrictions may limit access.</subfield>
  </datafield>
  <datafield tag="520" ind1="8" ind2=" ">
    <subfield code="a">Annotation</subfield>
    <subfield code="b">Whether considered a sublime landscape, malignant wilderness, or the endangered site of environmental conflicts, the tropics are,Picturing Tropical Natureargues, largely a construct of American and European imaginations.&#xA0;Nancy Leys Stephan asserts that images of the tropics conveyed through drawings, paintings, photographs, literature, and travel writings are central to what Stepan calls the "tropicalization of nature," or the often harmful misrepresentation of the tropics and its peoples. She here examines several aspects of such tropicalization as they emerge through the work of nineteenth- and twentieth-century scientists and artists, including Alexander von Humboldt, Alfred Russel Wallace, Louis Agassiz, Sir Patrick Manson, and Margaret Mee. From the earliest photographic attempts to represent tropical hybrid races to depictions of disease in new tropical medicines,Picturing Tropical Natureoffers new insight into the convergence of the tropics with European and American science and&#xA0;art.&#xA0;"A brilliant and provocative book . . . the kind of book that carries forward a field in a single stride . . . undoubtedly the finest account of 'tropicality' we have."-Social History of Medicine</subfield>
  </datafield>
  <datafield tag="521" ind1=" " ind2=" ">
    <subfield code="a">Trade</subfield>
    <subfield code="b">Reaktion Books, Limited</subfield>
  </datafield>
  <datafield tag="700" ind1=" " ind2=" ">
    <subfield code="a">Nancy Leys Stepan</subfield>
    <subfield code="9">1615</subfield>
  </datafield>
  <datafield tag="773" ind1=" " ind2="0">
    <subfield code="t">Art Source</subfield>
  </datafield>
  <datafield tag="856" ind1="4" ind2="0">
    <subfield code="u">http://www.columbia.edu/cgi-bin/cul/resolve?clio9061045</subfield>
    <subfield code="z">Full text available from Art Source</subfield>
  </datafield>
  <datafield tag="910" ind1=" " ind2=" ">
    <subfield code="a">Bowker Global Books in Print record</subfield>
  </datafield>
  <datafield tag="999" ind1=" " ind2=" ">
    <subfield code="c">339</subfield>
    <subfield code="d">339</subfield>
  </datafield>
  <datafield tag="952" ind1=" " ind2=" ">
    <subfield code="0">0</subfield>
    <subfield code="1">0</subfield>
    <subfield code="2">ddc</subfield>
    <subfield code="4">0</subfield>
    <subfield code="7">0</subfield>
    <subfield code="a">LV</subfield>
    <subfield code="b">LV</subfield>
    <subfield code="c">Pensamiento</subfield>
    <subfield code="d">2014-11-14</subfield>
    <subfield code="l">0</subfield>
    <subfield code="o">909.093 ST827p</subfield>
    <subfield code="p">004005</subfield>
    <subfield code="r">2014-11-14 00:00:00</subfield>
    <subfield code="w">2014-11-14</subfield>
    <subfield code="y">01</subfield>
  </datafield>
</record>
